[Event "4NCL 2011-12"]
[Site "Hinkley ENG"]
[Date "2012.04.01"]
[Round "8.28"]
[White "Wilson, Alexandra"]
[Black "Sarakauskiene, Zivile"]
[Result "0-1"]
[WhiteTitle "WFM"]
[BlackTitle "WIM"]
[WhiteElo "2040"]
[BlackElo "2191"]
[WhiteTeam "Jutes of Kent"]
[BlackTeam "Guildford 2"]
[WhiteFideId "411000"]
[BlackFideId "12800864"]
[EventDate "2011.11.12"]

1. e4 c5 2. Nc3 e6 3. f4 a6 4. Nf3 d5 5. d3 b5 6. Be2 Bb7 7. exd5 exd5 8. O-O b4
9. Nb1 Nf6 10. Ne5 Bd6 11. Nd2 Nc6 12. Ndf3 Qc7 13. Nxc6 Bxc6 14. Ne5 Bxe5 15.
fxe5 Qxe5 16. Bf3 O-O 17. Re1 Qd6 18. d4 Rfe8 19. Be3 c4 20. c3 bxc3 21. bxc3
Qa3 22. Bd2 h6 23. Qc2 Bd7 24. Bf4 Bg4 25. Bxg4 Nxg4 26. h3 Nf6 27. Rf1 Ne4 28.
Rf3 Re6 29. Raf1 Ra7 30. Qb1 Qf8 31. Be5 Nd2 32. Qf5 Nxf3+ 33. Rxf3 Rg6 34. h4
Qd8 35. h5 Rg5 36. Qh3 Qd7 37. Qh4 Qg4 38. Qf2 Qxh5 39. Rh3 Qg6 40. Qf3 Qe6 41.
Bf4 Rg6 42. Rh5 Qg4 0-1

[Event "4NCL 2011-12"]
[Site "Hinkley ENG"]
[Date "2012.04.01"]
[Round "8.31"]
[White "Fernandez, Daniel Howard"]
[Black "Hebden, Mark L"]
[Result "0-1"]
[WhiteTitle "IM"]
[BlackTitle "GM"]
[WhiteElo "2344"]
[BlackElo "2515"]
[WhiteTeam "e2e4.org.uk"]
[BlackTeam "Cheddleton"]
[WhiteFideId "5801605"]
[BlackFideId "400084"]
[EventDate "2011.11.12"]

1. d4 Nf6 2. Nf3 g6 3. Bf4 d6 4. e3 Nbd7 5. h3 Bg7 6. Be2 O-O 7. Bh2 e5 8. O-O
Qe7 9. c4 Ne4 10. Nbd2 f5 11. Rc1 Kh8 12. b4 a5 13. a3 axb4 14. axb4 Nxd2 15.
Qxd2 g5 16. Ra1 Rxa1 17. Rxa1 g4 18. hxg4 fxg4 19. Ne1 Nf6 20. Bd3 Nh5 21. Nc2
Qg5 22. Qe1 exd4 23. Nxd4 g3 24. fxg3 Nf6 25. Ra5 Qh6 26. Nf5 Qg6 27. Qe2 Ng4
28. Nh4 Qh6 29. Kh1 Be5 30. Rxe5 Nxe5 31. Bg1 Bg4 32. Qc2 Ra8 33. Bf5 Bxf5 34.
Qxf5 Rf8 35. Qe4 Qg5 36. Kh2 b6 37. Kh3 Rf1 38. Bh2 h5 39. g4 hxg4+ 40. Kg3 c5
41. bxc5 bxc5 42. Qa8+ Kg7 43. Qb7+ Kh6 44. Qe4 Rf7 0-1

[Event "4NCL 2011-12"]
[Site "Hinkley ENG"]
[Date "2012.04.01"]
[Round "8.32"]
[White "Hawkins, Jonathan"]
[Black "Ghasi, Ameet K"]
[Result "1-0"]
[WhiteTitle "IM"]
[BlackTitle "FM"]
[WhiteElo "2480"]
[BlackElo "2400"]
[WhiteTeam "Cheddleton"]
[BlackTeam "e2e4.org.uk"]
[WhiteFideId "412686"]
[BlackFideId "409200"]
[EventDate "2011.11.12"]

1. d4 g6 2. Nf3 Bg7 3. c4 d6 4. g3 Nf6 5. Bg2 O-O 6. Nc3 Nc6 7. O-O a6 8. b3 Rb8
9. Nd5 Ne4 10. Bb2 f5 11. Nd2 e6 12. Nxe4 fxe4 13. Ne3 d5 14. Rc1 Ne7 15. f3 Nf5
16. Nxf5 gxf5 17. fxe4 dxe4 18. Qd2 h5 19. Rcd1 Rf7 20. d5 e5 21. d6 c6 22. Bxe4
Bd7 23. Bf3 h4 24. e4 Qb6+ 25. Qf2 Qb4 26. Bh5 Rff8 27. gxh4 Kh8 28. Bg6 Rf6 29.
exf5 Rbf8 30. Qe3 Rxd6 31. Bxe5 Rxd1 1-0

[Event "4NCL 2011-12"]
[Site "Hinkley ENG"]
[Date "2012.04.01"]
[Round "8.34"]
[White "Rodriguez Guerrero, Enrique"]
[Black "Kilpatrick, Callum"]
[Result "1-0"]
[WhiteTitle "GM"]
[WhiteElo "2454"]
[BlackElo "2315"]
[WhiteTeam "Cheddleton"]
[BlackTeam "e2e4.org.uk"]
[WhiteFideId "2216892"]
[BlackFideId "414425"]
[EventDate "2011.11.12"]

1. e4 e5 2. Nf3 Nc6 3. Bb5 Nf6 4. d3 d6 5. O-O Be7 6. c3 O-O 7. Nbd2 Bd7 8. Re1
Re8 9. Nf1 h6 10. Ng3 Bf8 11. d4 a6 12. Bd3 Bg4 13. d5 Ne7 14. Be3 Ng6 15. h3
Bd7 16. Qd2 c6 17. c4 b5 18. b3 bxc4 19. bxc4 Qc7 20. Rac1 Reb8 21. Nh2 Rb7 22.
Nf5 c5 23. g4 Rab8 24. Re2 Rb4 25. Nf3 R8b7 26. Kh2 Qb8 27. Qc3 R7b6 28. Rcc2
Ne7 29. Bc1 Rb7 30. Ne1 Ba4 31. Rcd2 g6 32. Ne3 Bg7 33. f3 Nd7 34. Ba3 R4b6 35.
Qa5 Rb4 36. Bxb4 Rxb4 37. a3 1-0

[Event "4NCL 2011-12"]
[Site "Hinkley ENG"]
[Date "2012.04.01"]
[Round "8.35"]
[White "Hulmes, David I"]
[Black "Arkell, Keith C"]
[Result "0-1"]
[BlackTitle "GM"]
[WhiteElo "2273"]
[BlackElo "2418"]
[WhiteTeam "e2e4.org.uk"]
[BlackTeam "Cheddleton"]
[WhiteFideId "412201"]
[BlackFideId "400270"]
[EventDate "2011.11.12"]

1. e4 c6 2. d4 d5 3. e5 c5 4. dxc5 Nc6 5. Bb5 Qa5+ 6. Nc3 e6 7. Be3 Ne7 8. Nf3
Nf5 9. a3 Nxe3 10. fxe3 Be7 11. b4 Qc7 12. e4 d4 13. Qxd4 O-O 14. Bxc6 Qxc6 15.
O-O b6 16. cxb6 axb6 17. Qe3 Bb7 18. Rfc1 Rfc8 19. Ne2 Qxe4 20. Qxe4 Bxe4 21. c3
Rc7 22. Ned4 Bd3 23. Kf2 Rac8 24. Ke3 Ba6 25. Kd2 g5 26. h3 h5 27. g4 Kg7 28. a4
hxg4 29. hxg4 Bb7 30. a5 bxa5 31. bxa5 Rd7 32. Ke3 Ba6 33. Ra4 Rd5 34. c4 Rd7
35. Rc2 Bc5 36. Rd2 Rcd8 37. Ra1 Bb7 38. Rad1 Bxf3 39. Kxf3 Rxd4 40. Rxd4 Rxd4 0-1

[Event "4NCL 2011-12"]
[Site "Hinkley ENG"]
[Date "2012.04.01"]
[Round "8.36"]
[White "Bellin, Robert"]
[Black "Arutyunova, Diana"]
[Result "1/2-1/2"]
[WhiteTitle "IM"]
[BlackTitle "WGM"]
[WhiteElo "2355"]
[BlackElo "2283"]
[WhiteTeam "Cheddleton"]
[BlackTeam "e2e4.org.uk"]
[WhiteFideId "400343"]
[BlackFideId "14107244"]
[EventDate "2011.11.12"]

1. Nf3 e6 2. d3 d5 3. g3 Nf6 4. Bg2 c5 5. O-O Nc6 6. Nbd2 Be7 7. e4 O-O 8. e5
Ng4 9. Qe2 Qc7 10. Re1 f6 11. exf6 Bxf6 12. c3 Qd6 13. h3 Nh6 14. Nb3 Nf7 1/2-1/2

[Event "4NCL 2011-12"]
[Site "Hinkley ENG"]
[Date "2012.04.01"]
[Round "8.37"]
[White "Talbot, Andrew R"]
[Black "Camacho Collados, Jose"]
[Result "0-1"]
[BlackTitle "FM"]
[WhiteElo "2146"]
[BlackElo "2368"]
[WhiteTeam "e2e4.org.uk"]
[BlackTeam "Cheddleton"]
[WhiteFideId "410403"]
[BlackFideId "2265427"]
[EventDate "2011.11.12"]

1. d4 Nf6 2. c4 b6 3. Nc3 Bb7 4. Nf3 g6 5. d5 Bg7 6. e4 d6 7. Bg5 c6 8. Rc1 Nbd7
9. Nd4 cxd5 10. cxd5 O-O 11. Be2 Rc8 12. O-O Rxc3 13. bxc3 Nxe4 14. Be3 Bxd5 15.
Nb5 Bb7 16. f3 a6 17. fxe4 axb5 18. Bxb5 Nf6 19. Qa4 Qc7 20. Bd4 e5 21. Be3 Nxe4
22. Be2 Nxc3 23. Qc4 Nxe2+ 24. Qxe2 Qd8 25. Qb2 Ba6 26. Rfd1 d5 27. Bxb6 Qa8 28.
Rc7 Bc4 29. Bc5 Qa4 30. Rc1 Rd8 31. Qb7 Bf8 32. Bxf8 Rxf8 33. Rc8 Qa3 34. Rc2
Qe3+ 0-1

[Event "4NCL 2011-12"]
[Site "Hinkley ENG"]
[Date "2012.04.01"]
[Round "8.38"]
[White "Eggleston, David J"]
[Black "Sugden, John N"]
[Result "0-1"]
[WhiteTitle "FM"]
[WhiteElo "2367"]
[BlackElo "2180"]
[WhiteTeam "Cheddleton"]
[BlackTeam "e2e4.org.uk"]
[WhiteFideId "412120"]
[BlackFideId "402001"]
[EventDate "2011.11.12"]

1. e4 c6 2. d4 d5 3. e5 Bf5 4. Nf3 e6 5. Be2 c5 6. Be3 Nd7 7. c4 cxd4 8. Nxd4
Bxb1 9. Rxb1 Bb4+ 10. Kf1 Ne7 11. Qb3 Bc5 12. Qxb7 O-O 13. Nc6 Nxc6 14. Bxc5 Na5
15. Qb4 Nxc5 16. Qxc5 Nxc4 17. Bxc4 Rc8 18. Qxa7 Rxc4 19. b4 Qg5 20. Qe3 Qf5 21.
Rb2 d4 22. g4 Qxg4 23. Qg3 Qe4 24. f3 Qd3+ 25. Kg2 Rfc8 26. Rg1 Qc3 27. Kh1 g6
28. Rbg2 d3 29. f4 Qd4 30. Rd2 Qe4+ 31. Qg2 Rxb4 32. Qxe4 Rxe4 33. Rxd3 Rxf4 34.
Re1 Rc2 35. a3 Rff2 36. h3 Rh2+ 37. Kg1 Rcg2+ 38. Kf1 Rh1+ 39. Kxg2 Rxe1 40. a4
Rxe5 41. Ra3 Ra5 42. Kf3 Kf8 43. Ke4 Ke7 44. Kd4 Kd6 45. Kc4 Kc6 46. Kb4 Rh5 47.
Rc3+ Kb6 48. Re3 Rh4+ 49. Kb3 Rf4 50. Rd3 g5 51. Rd6+ Kc5 52. Rd3 h5 53. Re3 Kb6
54. Re5 Rf5 55. Re3 g4 56. hxg4 hxg4 57. Re4 Rg5 58. Re2 g3 59. Rg2 f5 60. Kc3
f4 61. Kd3 f3 62. Rg1 f2 63. Rb1+ Ka5 64. Ke2 Kxa4 65. Kf1 Re5 66. Rd1 Re1+ 67.
Rxe1 fxe1=Q+ 68. Kxe1 Kb4 0-1

[Event "4NCL 2011-12"]
[Site "Hinkley ENG"]
[Date "2012.04.01"]
[Round "8.41"]
[White "Griffiths, Ryan Rhys"]
[Black "Turner, Matthew J"]
[Result "0-1"]
[WhiteTitle "FM"]
[BlackTitle "GM"]
[WhiteElo "2310"]
[BlackElo "2516"]
[WhiteTeam "Barbican 4NCL 2"]
[BlackTeam "Barbican 4NCL 1"]
[WhiteFideId "2502054"]
[BlackFideId "402893"]
[EventDate "2011.11.12"]

1. d4 d5 2. c4 e6 3. Nc3 Be7 4. cxd5 exd5 5. Bf4 c6 6. Qc2 g6 7. e3 Bf5 8. Qd2
Nf6 9. f3 Nbd7 10. g4 Be6 11. Nh3 h5 12. Ng5 Nf8 13. Be2 hxg4 14. Nxe6 Nxe6 15.
fxg4 Bb4 16. O-O Ne4 17. Qc2 Nxf4 18. exf4 Bxc3 19. bxc3 Rxh2 0-1

[Event "4NCL 2011-12"]
[Site "Hinkley ENG"]
[Date "2012.04.01"]
[Round "8.42"]
[White "Collins, Sam E."]
[Black "Rogers, Jonathan W"]
[Result "1/2-1/2"]
[WhiteTitle "IM"]
[BlackTitle "FM"]
[WhiteElo "2426"]
[BlackElo "2349"]
[WhiteTeam "Barbican 4NCL 1"]
[BlackTeam "Barbican 4NCL 2"]
[WhiteFideId "2501198"]
[BlackFideId "402052"]
[EventDate "2011.11.12"]

1. e4 e5 2. Nf3 Nc6 3. Bb5 Bc5 4. O-O Nd4 5. Nxd4 Bxd4 6. c3 Bb6 7. d4 c6 8. Bc4
d6 9. dxe5 dxe5 10. Qxd8+ Bxd8 11. Be3 Bb6 12. Bxb6 axb6 13. Nd2 Ke7 14. f4 exf4
15. Rxf4 Be6 16. Raf1 Nh6 17. Bxe6 fxe6 18. a3 Rhd8 19. Nc4 b5 20. Ne5 Rf8 21.
Rxf8 Rxf8 22. Rxf8 Kxf8 23. c4 Nf7 24. Nxf7 Kxf7 25. c5 e5 26. g4 g5 27. Kf2 Ke6
28. Ke3 Kd7 29. Kd3 b6 30. cxb6 Kc8 31. Kc3 Kb7 32. Kb4 Kxb6 33. b3 c5+ 34. Kc3
Ka5 35. Kd3 Kb6 36. Kc2 Ka6 37. Kd2 Kb6 38. Kd3 Ka6 39. Kc2 Kb6 40. Kb2 Ka6 41.
b4 1/2-1/2

[Event "4NCL 2011-12"]
[Site "Hinkley ENG"]
[Date "2012.04.01"]
[Round "8.43"]
[White "Franklin, Samuel G A"]
[Black "D'Costa, Lorin A R"]
[Result "1/2-1/2"]
[BlackTitle "IM"]
[WhiteElo "2179"]
[BlackElo "2409"]
[WhiteTeam "Barbican 4NCL 2"]
[BlackTeam "Barbican 4NCL 1"]
[WhiteFideId "468576"]
[BlackFideId "409219"]
[EventDate "2011.11.12"]

1. e4 c5 2. Nf3 Nc6 3. d4 cxd4 4. Nxd4 Qb6 5. Nb3 Nf6 6. Nc3 e6 7. Qe2 Bb4 8.
Bd2 O-O 9. a3 Be7 10. e5 Ne8 11. O-O-O f6 12. exf6 Nxf6 13. f4 a6 14. g4 Qc7 15.
Bg2 Kh8 16. Rhf1 d5 17. g5 Ne8 18. Qh5 Nd6 19. Ne2 Bd7 20. g6 h6 21. Ng3 Nc4 22.
Bc3 Bf6 23. Qf3 Be8 24. f5 Bxg6 25. Bxf6 Rxf6 26. Qc3 Bxf5 27. Nxf5 Rxf5 28.
Rxf5 exf5 29. Bxd5 Qf4+ 30. Kb1 Ne3 31. Rg1 Qe5 32. Qxe5 Nxe5 33. Bxb7 Ra7 34.
Nc5 a5 35. Re1 f4 36. b4 axb4 37. axb4 g5 38. b5 Ra5 39. Ba6 Nf3 40. Re2 Nd4 41.
Nb3 Ra4 42. Nxd4 1/2-1/2

[Event "4NCL 2011-12"]
[Site "Hinkley ENG"]
[Date "2012.04.01"]
[Round "8.44"]
[White "Cox, John J"]
[Black "Berry, Neil"]
[Result "1/2-1/2"]
[WhiteTitle "IM"]
[BlackTitle "FM"]
[WhiteElo "2423"]
[BlackElo "2312"]
[WhiteTeam "Barbican 4NCL 1"]
[BlackTeam "Barbican 4NCL 1"]
[WhiteFideId "401064"]
[BlackFideId "2400650"]
[EventDate "2011.11.12"]

1. Nf3 d5 2. c4 e6 3. g3 Nf6 4. Bg2 dxc4 5. Na3 Bxa3 6. bxa3 b5 7. Ne5 Nd5 8. d3
cxd3 9. Qxd3 O-O 10. Qxb5 Ba6 11. Qb2 c5 12. O-O Nd7 13. Nxd7 Qxd7 14. Re1 Rac8
15. e4 1/2-1/2

[Event "4NCL 2011-12"]
[Site "Hinkley ENG"]
[Date "2012.04.01"]
[Round "8.45"]
[White "Chapman, Terry P D"]
[Black "Ferguson, Mark"]
[Result "1/2-1/2"]
[BlackTitle "IM"]
[WhiteElo "2253"]
[BlackElo "2374"]
[WhiteTeam "Barbican 4NCL 2"]
[BlackTeam "Barbican 4NCL 1"]
[WhiteFideId "413399"]
[BlackFideId "403547"]
[EventDate "2011.11.12"]

1. Nf3 d5 2. d4 Nf6 3. c4 c6 4. cxd5 cxd5 5. Nc3 Nc6 6. Bf4 e6 7. e3 Nh5 8. Bg5
Qb6 9. a3 h6 10. Bh4 g5 11. Bg3 Nxg3 12. hxg3 Bg7 13. Bd3 Qd8 14. Rc1 Bd7 15. b4
g4 16. Nh4 h5 17. Na4 b6 18. Ba6 Ne7 19. Nc3 Bc6 20. Qd3 f5 21. Ne2 Kf7 22. b5
Bd7 23. Qc2 Bc8 24. Qa4 Qd7 25. Nf4 Bxa6 26. Qxa6 Rac8 27. O-O Rc7 28. Rxc7 Qxc7
29. Nd3 Rc8 30. Rc1 Qd7 31. Rxc8 Nxc8 32. Nb4 Ne7 33. Nc6 Nc8 34. Ng6 Qc7 35.
Nf4 Bh6 36. Nxh5 Bg5 37. Nf4 Bxf4 38. gxf4 Kg7 39. Kh2 Kh6 40. Kg3 Kh5 41. Qa4
Kh6 42. Kh2 Kg7 43. Kg1 Kh6 44. Kf1 Kg7 45. Ke2 Kf6 46. Qa6 Kg7 47. g3 Kf6 48.
Qa4 Kg7 49. f3 gxf3+ 50. Kxf3 Kf6 51. Kg2 Kg7 52. g4 fxg4 53. Qd1 Kf6 54. Qxg4
Qh7 55. Qg5+ Kf7 56. Ne5+ Ke8 57. Ng6 Qg7 58. Kf3 Nd6 59. a4 Qh7 60. Kg2 Qc7 61.
Ne5 Qc2+ 62. Kh3 Qh7+ 63. Kg4 Nf5 64. Qh5+ Qxh5+ 65. Kxh5 Nxe3 66. Kg6 Nf5 67.
Nc6 Kd7 68. Kf6 a5 69. Ne5+ Kd6 70. Nf7+ Kd7 71. Ne5+ Kd6 72. Nf7+ Kd7 73. Ne5+ 1/2-1/2

[Event "4NCL 2011-12"]
[Site "Hinkley ENG"]
[Date "2012.04.01"]
[Round "8.46"]
[White "Morrison, Graham SCO"]
[Black "Dorrington, Chris J"]
[Result "0-1"]
[WhiteTitle "FM"]
[WhiteElo "2339"]
[BlackElo "2307"]
[WhiteTeam "Barbican 4NCL"]
[BlackTeam "Barbican 4NCL 2"]
[WhiteFideId "2400090"]
[BlackFideId "410462"]
[EventDate "2011.11.12"]

1. Nf3 d5 2. c4 d4 3. g3 c5 4. b4 cxb4 5. a3 bxa3 6. Bg2 Nc6 7. Bxa3 g6 8. d3
Bg7 9. Nbd2 Nf6 10. Nb3 O-O 11. O-O Re8 12. Nfd2 Qc7 13. Nc5 Nd7 14. Nde4 b6 15.
Nxd7 Bxd7 16. Qb3 Rab8 17. Rfb1 h6 18. Qa4 a5 19. Qd1 Na7 20. Bc1 Kh7 21. f4 f5
22. Nf2 b5 23. Bd2 a4 24. Rb4 e6 25. cxb5 Bxb5 26. g4 Qd7 27. h4 Bf8 28. Rbb1 a3
29. h5 Ba4 30. hxg6+ Kxg6 31. Qf1 Rb2 32. Bc1 Rxb1 33. Rxb1 a2 34. Ra1 Bb3 35.
Qe1 Qb5 36. e4 dxe3 37. Qxe3 Bg7 38. d4 Bc4 39. Qc3 Qb3 40. Qxb3 Bxb3 41. Be3
Rd8 42. gxf5+ exf5 43. Nd3 Bxd4 44. Bxd4 Rxd4 45. Bf1 Kf6 46. Kf2 Bf7 47. Ke3
Ra4 48. Ne5 Be6 49. Bd3 Nc8 50. Bc2 Ra3+ 51. Kd2 Nb6 52. Kc1 Nc4 53. Nxc4 Bxc4
54. Kb2 Ra7 55. Rh1 a1=Q+ 0-1

[Event "4NCL 2011-12"]
[Site "Hinkley ENG"]
[Date "2012.04.01"]
[Round "8.47"]
[White "Coleman, David J"]
[Black "Knott, Simon J B"]
[Result "1/2-1/2"]
[WhiteTitle "CM"]
[BlackTitle "IM"]
[WhiteElo "2244"]
[BlackElo "2332"]
[WhiteTeam "Barbican 4NCL 2"]
[BlackTeam "Barbican 4NCL 1"]
[WhiteFideId "402087"]
[BlackFideId "400645"]
[EventDate "2011.11.12"]

1. e4 e6 2. d4 d5 3. Nc3 Bb4 4. e5 c5 5. a3 Bxc3+ 6. bxc3 Ne7 7. Qg4 O-O 8. Bd3
Nbc6 9. Bg5 Qa5 10. Ne2 Ng6 11. O-O Qa4 12. f4 c4 13. Bxg6 fxg6 14. Rfc1 Bd7 15.
h4 Rf5 16. Ng3 Be8 17. Nxf5 gxf5 18. Qg3 Rc8 19. h5 Bxh5 20. Kf2 Bg4 21. Ke1 h6
22. Bh4 Kf7 23. Kd2 Rg8 24. Qe3 b6 25. Rcb1 Ke8 26. Rb2 Kd7 27. Rbb1 Kc7 28. Rb2
Kd7 1/2-1/2

[Event "4NCL 2011-12"]
[Site "Hinkley ENG"]
[Date "2012.04.01"]
[Round "8.48"]
[White "Bhatia, Kanwal K"]
[Black "Morrison, Lynne G P"]
[Result "1/2-1/2"]
[WhiteTitle "WFM"]
[WhiteElo "2087"]
[BlackElo "1897"]
[WhiteTeam "Barbican 4NCL"]
[BlackTeam "Barbican 4NCL"]
[WhiteFideId "407496"]
[BlackFideId "2400405"]
[EventDate "2011.11.12"]

1. e4 c5 2. c3 d5 3. exd5 Qxd5 4. d4 e6 5. Nf3 Nf6 6. Bd3 Be7 7. O-O O-O 8. Re1
Nc6 9. Bc2 Rd8 10. Be3 b6 11. Qe2 Bb7 12. Nbd2 cxd4 13. cxd4 Rac8 14. Bb3 Qh5
15. Nf1 Bd6 16. Bd1 h6 17. Ng3 Bxg3 18. hxg3 Ne7 19. Qd3 Qd5 20. Bb3 Qa5 21. Bd1
Qd5 1/2-1/2

[Event "4NCL 2011-12"]
[Site "Hinkley ENG"]
[Date "2012.04.01"]
[Round "8.51"]
[White "Zakarian, David"]
[Black "Jirka, Jiri"]
[Result "1-0"]
[BlackTitle "IM"]
[WhiteElo "2379"]
[BlackElo "2415"]
[WhiteTeam "Oxford"]
[BlackTeam "The AD's"]
[WhiteFideId "13301276"]
[BlackFideId "311731"]
[EventDate "2011.11.12"]

1. e4 e5 2. f4 Bc5 3. Nf3 d6 4. Nc3 Nf6 5. Bc4 c6 6. Na4 Bb4 7. a3 Ba5 8. b4 Bc7
9. fxe5 dxe5 10. Bb3 O-O 11. Qe2 a5 12. Bb2 Qe7 13. O-O Bg4 14. h3 Bxf3 15. Rxf3
axb4 16. axb4 b5 17. Nc5 Rxa1+ 18. Bxa1 Bb6 19. Kh2 Bxc5 20. bxc5 Nbd7 21. d4
exd4 22. Bxd4 Qxe4 23. Qf2 Nd5 24. c3 f6 25. Re3 Qg6 26. Re6 Kh8 27. Rxc6 Ne7
28. Rc7 Qe8 29. Kh1 Nb8 30. Qe2 Nbc6 31. Qe6 Qa8 32. Rxe7 Nxe7 33. Qxe7 Re8 34.
Qd7 Rd8 35. Qf5 Qa1+ 36. Kh2 Qa7 37. Bc2 Qc7+ 38. g3 1-0

[Event "4NCL 2011-12"]
[Site "Hinkley ENG"]
[Date "2012.04.01"]
[Round "8.52"]
[White "Cernousek, Lukas"]
[Black "White, Michael J R"]
[Result "0-1"]
[WhiteTitle "IM"]
[BlackTitle "FM"]
[WhiteElo "2438"]
[BlackElo "2214"]
[WhiteTeam "The AD's"]
[BlackTeam "Oxford"]
[WhiteFideId "311707"]
[BlackFideId "407380"]
[EventDate "2011.11.12"]

1. d4 Nf6 2. c4 g6 3. g3 Bg7 4. Bg2 d5 5. cxd5 Nxd5 6. Nf3 Nb6 7. Nc3 Nc6 8. e3
O-O 9. O-O Re8 10. Re1 a5 11. Qe2 Be6 12. Nd2 Nb4 13. Rd1 c6 14. a3 N4d5 15.
Nce4 Bf5 16. Nc5 e5 17. dxe5 Qe7 18. Nd3 Bxd3 19. Qxd3 Qxe5 20. Qc2 Rad8 21. Nb3
Qh5 22. Bd2 a4 23. Nc5 Re7 24. e4 Nf6 25. Bb4 Rde8 26. h3 Nbd7 27. Nxd7 Rxd7 28.
Qxa4 Qe2 29. Qb3 Rxd1+ 30. Rxd1 Nxe4 31. Bxe4 Qxe4 32. Rd7 Re6 33. Rxb7 Bd4 0-1

[Event "4NCL 2011-12"]
[Site "Hinkley ENG"]
[Date "2012.04.01"]
[Round "8.53"]
[White "Eckersley-Waites, Tom"]
[Black "Richardson, John R"]
[Result "0-1"]
[BlackTitle "FM"]
[WhiteElo "2276"]
[BlackElo "2331"]
[WhiteTeam "Oxford"]
[BlackTeam "The AD's"]
[WhiteFideId "412449"]
[BlackFideId "401617"]
[EventDate "2011.11.12"]

1. d4 Nf6 2. c4 e6 3. Nc3 Bb4 4. Nf3 d5 5. cxd5 exd5 6. Bg5 c5 7. e3 Nbd7 8. Bd3
c4 9. Bf5 Bxc3+ 10. bxc3 Qa5 11. O-O O-O 12. Qc2 Re8 13. Nd2 g6 14. Bh3 Ne4 15.
Nxe4 dxe4 16. Bxd7 Bxd7 17. Bf4 Re6 18. Rab1 Bc6 19. Rb4 Qd5 20. f3 Rae8 21. Be5
exf3 22. gxf3 f5 23. Qe2 b5 24. e4 fxe4 25. fxe4 Qd8 26. Qf3 Qg5+ 27. Kh1 Rxe5
28. dxe5 Qxe5 29. Qf7+ Kh8 30. Qf6+ Qxf6 31. Rxf6 a5 32. Rb2 Bxe4+ 33. Kg1 b4
34. Rbf2 bxc3 35. Rf8+ Rxf8 36. Rxf8+ Kg7 37. Rf1 g5 38. Kf2 h5 39. Ke3 Bd3 40.
Rc1 c2 41. Kd2 g4 42. Re1 Kf6 43. Re8 h4 44. Rg8 Kf5 45. Ra8 g3 46. hxg3 hxg3
47. Rxa5+ Kf4 48. Ra8 Bf5 49. Rg8 Kf3 50. Rf8 g2 51. Rxf5+ Kg4 52. Rf7 c1=Q+ 53.
Kxc1 g1=Q+ 54. Kc2 Qd4 55. a3 Qd3+ 56. Kc1 Qxa3+ 57. Kb1 Qd3+ 58. Kc1 Qd4 59.
Kc2 c3 0-1

[Event "4NCL 2011-12"]
[Site "Hinkley ENG"]
[Date "2012.04.01"]
[Round "8.54"]
[White "Wheeler, Darren P"]
[Black "Dickinson, Tim R"]
[Result "1-0"]
[WhiteElo "2272"]
[BlackElo "2152"]
[WhiteTeam "The AD's"]
[BlackTeam "Oxford"]
[WhiteFideId "410136"]
[BlackFideId "405728"]
[EventDate "2011.11.12"]

1. e4 c6 2. d4 d5 3. exd5 cxd5 4. c4 Nf6 5. Nc3 e6 6. Nf3 Bb4 7. Bg5 Qa5 8. Bd2
O-O 9. a3 Bxc3 10. Bxc3 Qc7 11. c5 Ne4 12. Qc2 a5 13. Bd3 Nxc3 14. Qxc3 a4 15.
O-O Nc6 16. Bb5 Bd7 17. Bxc6 Bxc6 18. Rfb1 Ra6 19. Ne5 f6 20. Nd3 Bb5 21. Nb4
Raa8 22. Re1 Rae8 23. Qg3 Qxg3 24. hxg3 Kf7 25. f4 Bc4 26. Re3 Ke7 27. Na2 Bxa2
28. Rxa2 Kd7 29. b4 axb3 30. Rxb3 Kc7 31. Rab2 Rb8 32. Rb6 e5 33. fxe5 fxe5 34.
dxe5 Rf5 35. c6 Rxe5 36. Rxb7+ Rxb7 37. cxb7 Kb8 38. Rb5 Re7 39. Kf2 d4 40. a4
d3 41. Rb2 d2 42. Rxd2 Kxb7 43. Ra2 Ka6 44. Kf3 Ka5 45. Kf4 Rc7 46. g4 Rc4+ 47.
Kg5 Rc5+ 48. Kh4 Rc7 49. Ra1 Rd7 50. Kg3 Rd3+ 51. Kf4 Rd4+ 52. Kf5 Rd5+ 53. Ke4
Rg5 54. Rh1 Rxg4+ 55. Kf3 Rxa4 56. Rxh7 Kb6 57. Rxg7 Kc6 58. Re7 Kd6 59. Re4 Ra8
60. Re2 Rf8+ 61. Kg4 Rg8+ 62. Kf5 Rf8+ 63. Kg6 Rg8+ 64. Kf7 Rg3 65. Kf6 Kd7 66.
Kf5 Rg8 67. g4 Rf8+ 68. Kg5 Rg8+ 69. Kf4 Rf8+ 70. Kg3 Rg8 71. Re4 Kd6 72. Kf4
Rf8+ 73. Kg5 Kd5 74. Re7 Kd6 75. Rg7 Ke6 76. Kg6 Rf1 77. g5 Rg1 78. Ra7 Rg2 79.
Ra5 Rb2 80. Ra6+ Ke7 81. Kg7 Rh2 82. g6 Rh1 83. Rf6 Rh2 84. Rf1 Rh3 85. Kg8 Rh2
86. g7 Rh3 87. Rf4 Ra3 88. Rh4 Rg3 89. Kh8 1-0

[Event "4NCL 2011-12"]
[Site "Hinkley ENG"]
[Date "2012.04.01"]
[Round "8.55"]
[White "Healey, Michael W"]
[Black "Anderton, David W"]
[Result "1-0"]
[BlackTitle "CM"]
[WhiteElo "2110"]
[BlackElo "2221"]
[WhiteTeam "Oxford"]
[BlackTeam "The AD's"]
[WhiteFideId "410012"]
[BlackFideId "401668"]
[EventDate "2011.11.12"]

1. e4 e6 2. b3 d5 3. Bb2 dxe4 4. Nc3 Nf6 5. Qe2 Be7 6. g4 Nc6 7. Nxe4 Nxe4 8.
Qxe4 Bf6 9. c3 Qd5 10. Bg2 Qxe4+ 11. Bxe4 Bd7 12. h4 h6 13. O-O-O e5 14. f3
O-O-O 15. Ne2 g6 16. Ng3 Ne7 17. Ba3 Rhe8 18. h5 g5 19. Bxe7 Bxe7 20. Bf5 Bxf5
21. Nxf5 Bf8 22. d3 Re6 23. Kb2 b5 24. a3 c5 25. Rhe1 Kc7 26. Re4 a6 27. Kc2
Rde8 28. Rde1 Kb6 29. R1e2 Kc7 30. R2e3 Kb6 31. Re1 Kc7 32. a4 Kb7 33. axb5 axb5
34. Ra1 Ra8 35. Rxa8 Kxa8 36. Re1 Kb7 37. c4 b4 38. Ra1 Re8 39. Kd2 Rd8 40. Ke3
f6 41. Ra2 Rd7 42. Ra5 Rd8 43. Ng3 Kb6 44. Ra2 Be7 45. Ke2 Kb7 46. Nf5 Bf8 47.
Ne3 Bd6 48. Ra1 Rd7 49. Ra5 Rf7 50. Rb5+ Kc6 51. Nd5 Bc7 52. Ke3 Bd8 53. Rb8 Be7
54. Rb6+ Kd7 55. Rb7+ Ke6 56. Ke4 Bf8 57. Nc7+ Kd6 58. Nb5+ Ke6 59. Rxf7 Kxf7
60. Kd5 f5 61. Nd6+ Bxd6 62. Kxd6 Kf6 63. Kxc5 e4 64. dxe4 1-0

[Event "4NCL 2011-12"]
[Site "Hinkley ENG"]
[Date "2012.04.01"]
[Round "8.58"]
[White "Pritchard, David J"]
[Black "Miranda Gonzalez, Nicole"]
[Result "1-0"]
[WhiteElo "2002"]
[BlackElo "2027"]
[WhiteTeam "The AD's"]
[BlackTeam "Oxford"]
[WhiteFideId "412350"]
[BlackFideId "3405770"]
[EventDate "2011.11.12"]

1. e4 c5 2. Nc3 Nc6 3. f4 g6 4. Nf3 Bg7 5. Bc4 d6 6. O-O e6 7. d3 Nge7 8. Qe1 b6
9. f5 gxf5 10. Qh4 Ng6 11. Qh5 f4 12. Ng5 Bd4+ 13. Kh1 Qf6 14. Nb5 Kd7 15. c3
Be5 16. g3 h6 17. Nh3 a6 18. Na3 b5 19. Bxf4 bxc4 20. Bxe5 Qxe5 21. Rxf7+ Nge7
22. Qf3 Nd8 23. Nxc4 Nxf7 24. Qxf7 Rf8 25. Nxe5+ dxe5 26. Qxf8 1-0